| 000 | 01195nam a2200229Ia 4500 | ||
|---|---|---|---|
| 003 | Ost | ||
| 005 | 20260507075657.0 | ||
| 008 | 260507s9999||||xx |||||||||||||| ||und|| | ||
| 040 | _cfsecg | ||
| 041 | _aara | ||
| 082 | _a344.6201 | ||
| 100 |
_aالنجار، محمد محسن _eمؤلف |
||
| 245 | 0 |
_aالضمانات القانونية للعاملين في ضوء الخصخصة / _c محمد محسن النجار |
|
| 260 |
_aالاسكندرية: _bمكتبة الاشعاع, _c2000 |
||
| 300 |
_a صفحة؛ _bإيضاحات ؛ _c24 سم |
||
| 520 | _aالعاملون في شركات قطاع الأعمال العام وضمانة استمرار العمل، العاملون في شركات قطاع الأعمال العام، ضمانة الاستمرار في العمل، الضمانة القضائية مع بعض التطبيقات الأخرى، الضمانة القضائية، بعض التطبيقات العملية عقب الخصخصة. | ||
| 653 | _aإدارة الأفراد | ||
| 653 | _aالخصخصة- قوانين وأنظمة- مصر | ||
| 653 | _aالقطاع العام | ||
| 653 | _aقانون العمل والعمال- مصر | ||
| 942 | _cكتاب | ||
| 999 |
_c45738 _d45738 |
||